Auteurs français - Statistiques

Statistiques générales
  • Ce quiz a été pris 786 fois
  • Le résultat moyen est 12 sur 15
Statistiques - réponses
Hint Réponse % Correct
Les Misérables Victor Hugo
99%
L'étranger Albert Camus
95%
Les Fleurs du mal Charles Baudelaire
94%
Germinal Émile Zola
94%
Le Rouge et le Noir Stendhal
92%
Les trois mousquetaires Alexandre Dumas
88%
Candide ou l'optimisme Voltaire
86%
Madame Bovary Gustave Flaubert
85%
Dom Juan Molière
75%
À la recherche du temps perdu Marcel Proust
73%
L'écume des jours Boris Vian
67%
Voyage au bout de la nuit Louis-Ferdinand Céline
67%
La Peau de chagrin Honoré de Balzac
60%
L'amant Marguerite Duras
55%
La nuit des temps René Barjavel
35%
Aucun quiz correspondant
Distribution des résultats
% des personnes avec chaque résultat
Percentile par nombre de réponses
Votre historique - résultats
Vous n’avez pas pris ce quiz